MOLL FLANDERS (Record no. 3169)
[ view plain ]
| 000 -LEADER | |
|---|---|
| fixed length control field | 00583nam a22001457a 4500 |
| 020 ## - INTERNATIONAL STANDARD BOOK NUMBER | |
| ISBN | 0-393-09412-X |
| 082 ## - DEWEY DECIMAL CLASSIFICATION NUMBER | |
| Classification number | 823 |
| Item number | DEF/M |
| 100 ## - MAIN ENTRY--AUTHOR NAME | |
| Personal name | DEFOSE,DANIEL |
| 245 ## - TITLE STATEMENT | |
| Title | MOLL FLANDERS |
| 260 ## - PUBLICATION, DISTRIBUTION, ETC. (IMPRINT) | |
| Place of publication | LONDON |
| Name of publisher | NORTON& COMPANY |
| 300 ## - PHYSICAL DESCRIPTION | |
| Number of Pages | 444 |
| 520 ## - SUMMARY, ETC. | |
| Summary, etc | Moll Flanders is a story about the fall and rise of a beautiful woman who was born in Newgate Prison. Because of her determination to be someone other than a servant, and because of her great greed, she sought to marry a wealthy man. She married some with money and some without. |
| 650 ## - SUBJECT ADDED ENTRY--TOPICAL TERM | |
| Topical Term | ENGLISH NOVEL |
| Geographic subdivision | LONDON |
| 942 ## - ADDED ENTRY ELEMENTS (KOHA) | |
| Koha item type | Books |
| Withdrawn status | Lost status | Collection code | Home library | Current library | Shelving location | Date acquired | Source of acquisition | Full call number | Accession Number | Koha item type |
|---|---|---|---|---|---|---|---|---|---|---|
| Fiction | Main Library | Main Library | SHELF-2-I ENGLIAH NOVEL TEACHERS | 23/10/2006 | PURCHASE | 823 DEF/M | 03618 | Books |